|
|
|
|
| LEADER |
00000nfm a2200000 a 4500 |
| 001 |
vtls001416974 |
| 003 |
SK-MaSNL |
| 005 |
20260302035215.0 |
| 008 |
250414quuuu fr a 0 fre |
| 035 |
|
|
|a SNK000371751
|
| 040 |
|
|
|a SNK
|b slo
|c SNK
|e AACR2
|
| 041 |
|
|
|a fre
|
| 044 |
|
|
|a fr
|c FR
|
| 100 |
1 |
|
|a Duval, P.
|q (Pierre),
|d 1619-1682
|4 aut
|9 687800
|
| 245 |
1 |
0 |
|a Hongrie
|h kartografický dokument
|
| 255 |
|
|
|a Mierka neuvedená
|
| 260 |
|
|
|a [Francúzsko?]
|b [vydavateľ neznámy]
|c [nie po 1900?]
|
| 300 |
|
|
|a 1 mapa
|b čiernobiela
|
| 651 |
|
7 |
|a Maďarsko
|2 SNKPH
|9 16754
|
| 655 |
|
7 |
|a historické mapy
|2 SNKPH
|9 118303
|
| 655 |
|
7 |
|a geografické mapy
|2 SNKPH954
|9 15153
|
| 852 |
|
|
|a Slovenská národná knižnica
|
| 954 |
|
|
|a mapy
|2 lita
|
| 958 |
|
|
|a ONDV
|
| 999 |
|
|
|c 1069684
|d 1071614
|
| 952 |
|
|
|t P60, <03>, [BOOK], {603}
|a SNK
|b SNK
|y PREZ
|7 0
|p 17A0306737
|o snkSLCm 107
|i snkK 1439/62
|0 0
|1 0
|4 0
|d 2001-07-17
|l 0
|r 2005-01-02 00:00:00
|w 2026-02-24
|